مكتبة جامعة عجلون الوطنية

فهرس بحث المكتبة

Normal view MARC view
  • المنظمة العربية للتنمية الادارية

Entry Personal Name

Number of records used in: 1

001 - CONTROL NUMBER

  • control field: 52035

003 - CONTROL NUMBER IDENTIFIER

  • control field: JO-AjAnu

005 - DATE AND TIME OF LATEST TRANSACTION

  • control field: 20230606082545.0

008 - FIXED-LENGTH DATA ELEMENTS

  • fixed length control field: 230606|| aca||aabn | a|a d

040 ## - CATALOGING SOURCE

  • Original cataloging agency: JO-AjAnu
  • Transcribing agency: JO-AjAnu

100 ## - HEADING--PERSONAL NAME

  • Personal name: المنظمة العربية للتنمية الادارية

670 ## - SOURCE DATA FOUND

  • Source citation: Work cat.: (JO-AjAnu)26594: المنظمة العربية للتنمية الادارية, author, حالة الحوكمة والادارة العامة في الدول العربية : بحوث واوراق مؤتمر( حالة الحوكمة والادارة العامة فب الدول العربية : خيارات ام تحديات ومتطلبات جديدة) عمان -المملكة الاردنية الهاشمية ديسمبر 2013